LEADER 01111nam a2200277 u 4500 001 000000026364 003 CaOOAMICUS 005 20070226111552.0 008 950704q1985 it u000 u ita u 035 $a10679818 040 $aPUL(R)$bita 245 00$aTendenze della filosofia italiana nell'età del fascismo /$ca cura di Ornella Pompeo Faracovi. 260 $aLivorno :$bBelforte,$c1985. 300 $a327 p. ;$c21 cm 490 1 $aDimensionilibri ;$v2 500 $aContributo di autori vari. 504 $aBibliografia in nota. 650 4$aFilosofia contemporanea.$0(OLS)http://pul/subject/8502 700 1 $aPompeo Faracovi, Ornella.$0(OLS)http://pul/name/21217 830 0$aDimensionilibri ;$v2.$0(OLS)http://pul/title/36198 850 $aPUL 852 $aPUL$W1$xSL Filosofia 1$y2$m84 L 63$j36838$n $b $qStampati$B36838$CPULBib$Z2$F36838 $H $81 941 1 $a8 961 $aINV: 53162 996 $6245$aTendenze della filosofia italiana nell'età del fascismo$9(OLS)http://pul/title/36197 996 $6260$aLivorno :$bBelforte$9(OLS)http://pul/publisher/53728 LEADER 01277nam a2200277 u 4500 001 000000057671 003 CaOOAMICUS 005 20070226120616.0 008 010515s1988 ilu u000 u eng u 020 $a0226320685 035 $a10888821 040 $aPUL(R)$bita 100 1 $aHayek, Friedrich A.,$d1899-1992.$0(OLS)http://pul/name/14948 245 14$aThe Collected Works of F.A. Hayek.$n1,$pThe Fatal Conceit :$bthe Errors of Socialism /$cF.A. Hayek ; ed. by W.W. Bartley. 260 $aChicago :$bUniversity of Chicago Press,$c1989. 300 $a180 p. ;$c23 cm 500 $aContiene indici. 650 4$aSocialismo.$0(OLS)http://pul/subject/3492 650 4$aMaterialismo storico.$0(OLS)http://pul/subject/7205 700 1 $aBartley, William Warren III.$0(OLS)http://pul/name/40205 850 $aPUL 852 $aPUL$W1$xSL Religione 2$y84$mRH D4 184$j75391$nBK-PRI$b $qStampati altre collocazioni$B75391$CPULBib$Z2$F75391 $H $81 941 1 $a10 996 $6020$a0226320685$9(OLS)http://pul/number/72901 996 $6245$aThe Collected Works of F.A. Hayek.$n1,$pThe Fatal Conceit :$bthe Errors of Socialism$9(OLS)http://pul/title/77215 996 $6260$aChicago :$bUniversity of Chicago Press$9(OLS)http://pul/publisher/51878